Statistiche per Vincitori FA Cup

Clicka qui per fare il quiz!

Statistiche generali

  • Questo quiz è stato fatto 26 volte
  • Il punteggio medio è 98 su 141

Statistiche sulle risposte

EdizioneVincitori% Corretto
1929-1930 | 1935-1936 | 1949-1950 | +11 othersArsenal
100%
1903-1904 | 1933-1934 | 1955-1956 | +3 othersManchester City
100%
1908-1909 | 1947-1948 | 1962-1963 | +9 othersManchester United
100%
1900-1901 | 1920-1921 | 1960-1961 | +5 othersTottenham
100%
1969-1970 | 1996-1997 | 1999-2000 | +5 othersChelsea
96%
1964-1965 | 1973-1974 | 1985-1986 | +5 othersLiverpool
96%
1886-1887 | 1894-1895 | 1896-1897 | +4 othersAston Villa
92%
1971-1972Leeds Utd
92%
1963-1964 | 1974-1975 | 1979-1980West Ham Utd
88%
1905-1906 | 1932-1933 | 1965-1966 | +2 othersEverton
83%
2020-2021Leicester City
83%
1909-1910 | 1923-1924 | 1931-1932 | +3 othersNewcastle United
83%
1975-1976Southampton
79%
1897-1898 | 1958-1959Nottingham Forest
75%
1936-1937 | 1972-1973Sunderland
71%
1892-1893 | 1907-1908 | 1948-1949 | 1959-1960Wolverhampton
71%
1913-1914Burnley
63%
1091-1902 | 1898-1899 | 1914-1915 | 1924-1925Sheffield United
58%
1883-1884 | 1884-1885 | 1885-1886 | +3 othersBlackburn
54%
1887-1888 | 1891-1892 | 1930-1931 | +2 othersWest Bromwich
54%
1895-1896 | 1906-1907 | 1934-1935Sheffield Wednesday
50%
1926-1927Cardiff CIty
46%
1945-1946Derby County
38%
1952-1953Blackpool
33%
1986-1987Coventry City
33%
1977-1978Ipswich Town
25%
1938-1939 | 2007-2008Portsmouth
25%
1987-1988Wimbledon FC
25%
1922-1923 | 1924-1926 | 1928-1929 | 1957-1958Bolton
21%
1921-1922Huddersfield Town
21%
1873-1874Oxford University
21%
1946-1947Charlton
17%
1888-1889 | 1937-1938Preston N.E.
17%
2012-2013Wigan
17%
1878-1879 | 1881-1882Old Etonians
13%
1911-1912Barnsley
8%
1910-1911Bradford City
8%
1899-1900 | 1902-1903Bury
8%
1893-1894Notts County
8%
1874-1875Royal Engineers
8%
1871-1872 | 1872-1873 | 1875-1876 | +2 othersWanderers
8%
1882-1883Blackburn Olympic
4%
1879-1880Clapham Rovers
4%
1880-1881Old Carthusians
4%

Distribuzione punteggi

Percentile per numero di risposta

Percentuale di utenti per punteggio

I tuoi punteggi nel tempo

Non hai fatto questo quiz